000 01279nam a2200349 ia4500
003 OSt
005 20260414154308.0
008 260405s2025 my a jr6 000 1 may d
020 _a9789673764013
_cRM23.90
_qpaperback
040 _aPPAK
_beng
_cPPAK
_erda
041 1 _amay
_hkor
082 0 4 _223
_a741.5
090 0 0 _a741.5
_bCHO
_dK
100 1 _aCho, Young Seon,
_eauthor.
245 1 0 _aWHY? :
_bMakanan dan Nutrisi /
_cDitulis oleh Cho Young Seon ; Diilustrasi oleh Lee Yeong Ho ; Diterjemahkan oleh Adila Rozamaria Ahmad Rosli
246 3 8 _aKomik STEM :
_bWHY? : makanan dan nutrisi.
_n15
264 1 _aPetaling Jaya, Selangor :
_bOrbit Buku Sdn. Bhd.,
_c[2025?]
300 _a159 pages :
_bcolour illustrations ;
_c21 cm
336 _atext
_2rdacontent
337 _aunmediated
_2rdamedia
338 _avolume
_2rdacarrier
490 1 _aKOMIK STEM
546 _aText in Malay, translated from Korean.
650 1 0 _aComic books, strips, etc
650 2 0 _aComic books and children
650 2 0 _aScience fiction
_xComic books, strips, etc
650 2 0 _aNutrition
_xComic books, strips, etc
700 1 _aLee, Yeong Ho,
_eillustrator.
700 0 _aAdila Rozamaria Ahmad Rosli,
_etranslator.
830 0 _aKomik STEM
942 _2ddc
_cB
999 _c203665
_d203665